000 00529nam a22001937a 4500
003 koha_MIRAKIL
005 20231213100357.0
008 231213b |||||||| |||| 00| 0 ||| d
020 _b978-6-05-169111-4
040 _aTR-IsEVY
_btur
_cTR-IsEVY
082 _aFIC BEL/S
100 _aBellini, Laura.
245 0 _aSivri ha gayret
_bkurşun kalem
260 _bEdam Yayınları ,
_c2016
300 _a30 s.
650 _aChildren's literature -- Short stories.
650 _aÇocuk edebiyatı -- Hikaye.
942 _2ddc
_cBK
999 _c18980
_d18980